Normal view
MARC view
- PROBABILITIES, STOCHASTIC PROCESSES
Entry Topical Term
001 - CONTROL NUMBER
- control field: 63980
003 - CONTROL NUMBER IDENTIFIER
- control field: NUST
005 - DATE AND TIME OF LATEST TRANSACTION
- control field: 20210628203215.0
008 - FIXED-LENGTH DATA ELEMENTS
- fixed length control field: 210628|| aca||aabn | a|a d
040 ## - CATALOGING SOURCE
- Original cataloging agency: NUST
- Transcribing agency: NUST
150 ## - HEADING--TOPICAL TERM
- Topical term or geographic name entry element: PROBABILITIES, STOCHASTIC PROCESSES
670 ## - SOURCE DATA FOUND
- Source citation: Work cat.: (NUST): Falmagne , Jean -Claude 63979, Lectures in elementary probability theory and stochastic process, 2003
